00522nam a22001337a 4500008004100000020001500041050001900056245004500075260006600120300005600186650006200242650004800304650003600352170228b xxu||||| |||| 00| 0 eng d a0022950559 aMT 7 .B66 1998 aShare the music/cJudy Bond ...[et al.]. aNew York :b Macmillan/McGraw-Hill School Pub. Co., c©1995. avii, 435 pages : color illustrations, music ; 29 cm a School music -- Instruction and study -- United States.  aMusic -- Instruction and study -- Juvenile. aMusic -- Instruction and study.